<?xml version="1.0" encoding="UTF-8"?>
<record
    xmlns:xsi="http://www.w3.org/2001/XMLSchema-instance"
    xsi:schemaLocation="http://www.loc.gov/MARC21/slim http://www.loc.gov/standards/marcxml/schema/MARC21slim.xsd"
    xmlns="http://www.loc.gov/MARC21/slim">

  <leader>00449nam a22001577a 4500</leader>
  <controlfield tag="005">20251110112627.0</controlfield>
  <controlfield tag="008">251110b        |||||||| |||| 00| 0 eng d</controlfield>
  <datafield tag="022" ind1=" " ind2=" ">
    <subfield code="a">979-8-88715-064-2</subfield>
  </datafield>
  <datafield tag="100" ind1=" " ind2=" ">
    <subfield code="a">BERRY, PHILIP</subfield>
  </datafield>
  <datafield tag="245" ind1=" " ind2=" ">
    <subfield code="a">FOOD PACKAGING TECHNOLOGY</subfield>
  </datafield>
  <datafield tag="260" ind1=" " ind2=" ">
    <subfield code="a">DUBLIN</subfield>
    <subfield code="b">ORYSON PRESS</subfield>
    <subfield code="c">2023</subfield>
  </datafield>
  <datafield tag="300" ind1=" " ind2=" ">
    <subfield code="a">VI, 268P.</subfield>
  </datafield>
  <datafield tag="500" ind1=" " ind2=" ">
    <subfield code="a">INCLUDES INDEX</subfield>
  </datafield>
  <datafield tag="650" ind1=" " ind2=" ">
    <subfield code="a">1. FOOD- PACKAGING 2. FOOD-MICROBIOLOGY 3. FOOD QUALITY CONTROL</subfield>
  </datafield>
  <datafield tag="942" ind1=" " ind2=" ">
    <subfield code="2">lcc</subfield>
    <subfield code="c">BK</subfield>
  </datafield>
  <datafield tag="999" ind1=" " ind2=" ">
    <subfield code="c">216152</subfield>
    <subfield code="d">216152</subfield>
  </datafield>
  <datafield tag="952" ind1=" " ind2=" ">
    <subfield code="0">0</subfield>
    <subfield code="1">0</subfield>
    <subfield code="2">lcc</subfield>
    <subfield code="4">0</subfield>
    <subfield code="6">TX0531 B47  02023</subfield>
    <subfield code="7">0</subfield>
    <subfield code="9">373193</subfield>
    <subfield code="a">KSUL</subfield>
    <subfield code="b">KSUL</subfield>
    <subfield code="d">2025-11-10</subfield>
    <subfield code="i">109657</subfield>
    <subfield code="l">0</subfield>
    <subfield code="o">TX 531. B47 2023</subfield>
    <subfield code="p">000000017786</subfield>
    <subfield code="r">2025-11-10 11:29:51</subfield>
    <subfield code="t">C.1</subfield>
    <subfield code="w">2025-11-10</subfield>
    <subfield code="y">BK</subfield>
  </datafield>
  <datafield tag="952" ind1=" " ind2=" ">
    <subfield code="0">0</subfield>
    <subfield code="1">0</subfield>
    <subfield code="2">lcc</subfield>
    <subfield code="4">0</subfield>
    <subfield code="6">TX0531 B47  02023</subfield>
    <subfield code="7">0</subfield>
    <subfield code="9">373194</subfield>
    <subfield code="a">KSUL</subfield>
    <subfield code="b">KSUL</subfield>
    <subfield code="d">2025-11-10</subfield>
    <subfield code="i">109658</subfield>
    <subfield code="l">0</subfield>
    <subfield code="o">TX 531. B47 2023</subfield>
    <subfield code="p">000000017785</subfield>
    <subfield code="r">2025-11-10 11:29:00</subfield>
    <subfield code="t">C.2</subfield>
    <subfield code="w">2025-11-10</subfield>
    <subfield code="y">BK</subfield>
  </datafield>
  <datafield tag="952" ind1=" " ind2=" ">
    <subfield code="0">0</subfield>
    <subfield code="1">0</subfield>
    <subfield code="2">lcc</subfield>
    <subfield code="4">0</subfield>
    <subfield code="6">TX0531 B47  02023</subfield>
    <subfield code="7">0</subfield>
    <subfield code="9">373195</subfield>
    <subfield code="a">KSUL</subfield>
    <subfield code="b">KSUL</subfield>
    <subfield code="d">2025-11-10</subfield>
    <subfield code="i">109659</subfield>
    <subfield code="l">0</subfield>
    <subfield code="o">TX 531. B47 2023</subfield>
    <subfield code="p">000000017784</subfield>
    <subfield code="r">2025-11-10 11:29:00</subfield>
    <subfield code="t">C.3</subfield>
    <subfield code="w">2025-11-10</subfield>
    <subfield code="y">BK</subfield>
  </datafield>
  <datafield tag="952" ind1=" " ind2=" ">
    <subfield code="0">0</subfield>
    <subfield code="1">0</subfield>
    <subfield code="2">lcc</subfield>
    <subfield code="4">0</subfield>
    <subfield code="6">TX0531 B47  02023</subfield>
    <subfield code="7">0</subfield>
    <subfield code="9">373196</subfield>
    <subfield code="a">KSUL</subfield>
    <subfield code="b">KSUL</subfield>
    <subfield code="d">2025-11-10</subfield>
    <subfield code="i">109660</subfield>
    <subfield code="l">0</subfield>
    <subfield code="o">TX 531. B47 2023</subfield>
    <subfield code="p">000000017783</subfield>
    <subfield code="r">2025-11-10 11:29:00</subfield>
    <subfield code="t">C.4</subfield>
    <subfield code="w">2025-11-10</subfield>
    <subfield code="y">BK</subfield>
  </datafield>
</record>
